书目信息 |
| 题名: |
材料成型设备与计算机控制技术
|
|
| 作者: | 刘立君 , 杜贤昌 , 孙振忠 编著 | |
| 分册: | ||
| 出版信息: | 北京 电子工业出版社 2004.2 |
|
| 页数: | 284页 | |
| 开本: | 26cm | |
| 丛书名: | ||
| 单 册: | ||
| 中图分类: | TB3 | |
| 科图分类: | ||
| 主题词: | 工程材料--成型--计算机控制 , 工程材料 , 成型 , 计算机控制 | |
| 电子资源: | ||
| ISBN: | 7-5053-9621-8 | |
| 000 | 01233nam0 2200361 450 | |
| 000 | 01252nam0 2200361 450 | |
| 000 | 01215nam0 2200349 450 | |
| 000 | 01172nam0 2200337 450 | |
| 000 | 01161nam0 2200337 450 | |
| 000 | 01124nam0 2200325 45 | |
| 001 | 012004103352 | |
| 005 | 20051214090719.23 | |
| 010 | @a7-5053-9621-8@dCNY24.00 | |
| 100 | @a20040331d2004 em y0chiy0121 ea | |
| 101 | 0 | @achi |
| 102 | @aCN@b110000 | |
| 105 | @af z 000yy | |
| 200 | 1 | @a材料成型设备与计算机控制技术@Acai liao cheng xing she bei yu ji suan ji kong zhi ji shu@f刘立君,杜贤昌,孙振忠编著 |
| 210 | @a北京@c电子工业出版社@d2004.2 | |
| 215 | @a284页@c图@d26cm | |
| 320 | @a附参考文献(第283-284页) | |
| 330 | @a本书系统讲述了材料成型设备与计算机控制技术的基础知识,主要介绍了PID控制技术、模糊控制技术微计算机接口技术和通信技术等。 | |
| 333 | @a阅读对象:材料成型过程控制或工控领域机电一体化工程技术人员 | |
| 606 | 0 | @a工程材料@x成型@x计算机控制 |
| 606 | 0 | @a工程材料 |
| 606 | 0 | @a成型 |
| 606 | 0 | @a计算机控制 |
| 690 | @aTB3@v4 | |
| 701 | 0 | @a刘立君@Aliu li jun@4编著 |
| 701 | 0 | @a杜贤昌@Adu xian chang@4编著 |
| 701 | 0 | @a孙振忠@Asun zhen zhong@4编著 |
| 801 | 0 | @aCN@bSRXX@c20051214 |
| 905 | @a10447@dTB3@eL640 | |
| 材料成型设备与计算机控制技术/刘立君,杜贤昌,孙振忠编著.-北京:电子工业出版社,2004.2 |
| 284页:图;26cm |
| 使用对象:阅读对象:材料成型过程控制或工控领域机电一体化工程技术人员 |
| ISBN 7-5053-9621-8:CNY24.00 |
| 本书系统讲述了材料成型设备与计算机控制技术的基础知识,主要介绍了PID控制技术、模糊控制技术微计算机接口技术和通信技术等。 |
| ● |
| 相关链接 |
|
|
|
正题名:材料成型设备与计算机控制技术
索取号:TB3/L640
 
预约/预借
| 序号 | 登录号 | 条形码 | 馆藏地/架位号 | 状态 | 备注 |
| 1 | 547245 | 205472451 | 自科库501/501自科库 8排3列5层/ [索取号:TB3/L640] | 在馆 | |
| 2 | 547246 | 205472460 | 自科库501/501自科库 8排3列5层/ [索取号:TB3/L640] | 在馆 | |
| 3 | 547247 | 205472479 | 自科库501/501自科库 8排3列5层/ [索取号:TB3/L640] | 在馆 |